000 00293nam a2200121Ia 4500
008 241002s9999 xx 000 0 und d
082 _a808.81 MIL
100 _aMilton, John
245 0 _aComplete Poetry and Selected Prose
260 _aNew York:
_c1950
600 _aLiterature
942 _cUC
999 _c18700
_d18700